| 000 | 02306cam a2200517Ki 4500 | ||
|---|---|---|---|
| 003 | PE-LiUPU | ||
| 005 | 20250731172849.0 | ||
| 006 | m o d | ||
| 008 | 151019s2015 miu ob 000 0 eng d | ||
| 020 | _z0802872220 | ||
| 020 | _z9780802872227 | ||
| 035 | _a(Sirsi) a157113 | ||
| 040 |
_aPE-LiUPU _bspa _cPE-LiUPU _erda |
||
| 049 | _aPRUA | ||
| 082 | 0 | 4 |
_a266.001 _G86 _223 |
| 100 | 1 |
_aGuder, Darrell L., _d1939- |
|
| 245 | 1 | 0 |
_aCalled to witness : _bdoing missional theology / _cDarrell L. Guder. |
| 264 | 1 |
_aGrand Rapids, Michigan : _bWilliam B. Eerdmans Publishing Company, _c2015 |
|
| 300 |
_aVII-203 ; _c23 centimetros. |
||
| 336 |
_atext _2rdacontent |
||
| 337 |
_aunmediated _2rdamedia |
||
| 338 |
_avolume _2rdacarrier |
||
| 490 | 1 | _aThe Gospel and our culture series | |
| 505 | 0 |
_aFrom mission and theology to missional theology -- The Missio Dei: a mission theology for after christendom -- The christological formation of missional practice -- The church as missional community -- The Nicene marks in a post-christendom church -- The missional authority of scripture -- The scriptural formation of the missional community -- The worthy walk of the missional community after christendom -- Missional leadership for the formation of the community's worthy walk -- Missio Dei: integrating theological formation for apostolic vocation -- Missional ecumenism: =541 \\ _aWilliam B. Eerdmans Publishing Company; _cCompra; _fTeología; _h21.96; _d20160606; _e73418. |
|
| 526 | _aSEG42 | ||
| 526 | _aSEG41 | ||
| 526 | _aSEG40 | ||
| 526 | _aSEG39 | ||
| 526 | _aP94 | ||
| 526 | _aP87 | ||
| 526 | _aP86 | ||
| 526 | _aP85 | ||
| 526 | _aP77 | ||
| 526 | _aP76 | ||
| 526 | _aP35 | ||
| 650 | 0 | _aIglesia. | |
| 650 | 0 |
_aTrabajo evangelístico. _93100 |
|
| 650 | 0 | _aLa misión de la iglesia. | |
| 650 | 0 | _aMisiones. | |
| 910 |
_ajck _bbpc _cbpc _d20160510 |
||
| 942 |
_2ddc _cBOOK |
||
| 949 |
_a266.001 G86 _wDEWEY _c1 _i73418 _lCCODEBUL1 _mBUL _p21.96 _r0 _sY _tBOOK _u2016-4-27 _xTEOLOGIA _PP35 _0COMPRA _o.STAFF. Colección Teología |
||
| 994 |
_aC0 _bPEPRU |
||
| 596 | _a1 | ||
| 999 |
_a266.001 G86 _wDEWEY _c9784 _i73418 _d9784 _f2021-11-10 _g5 _lCCODEBUL1 _mBUL _p21.96 _q1 _r0 _sY _tBOOK _u2016-4-27 _xTEOLOGIA _PP35 _0COMPRA _o.STAFF. Colección Teología |
||
| 980 |
_81 _gALBERTO SANCHEZ Responsable de Automatización |
||